00402nam a2200169Ia 4500003000400000005001700004008004100021020001800062040000700080041000800087082001900095100002200114245002600136260004100162300001600203365001300219OSt20250424124331.0210423s2011 xx 000 0 und d a9788173714363 cAL aeng a531 223bRAOC aSrinivasa Rao K N aClassical mechanics . aNew JerseybUniversities Pressc2011 axiv,346bPB b495cINR